Clubs de L2 ( ou moins ) en finale de la Coupe de france - Statistiques

Statistiques générales
  • Ce quiz a été pris 109 fois
  • Le résultat moyen est 9 sur 17
Statistiques - réponses
années Divisions Clubs Adversaire % Correct
2009 D2 Guingamp Rennes (2-1)
84%
2018 Nat. Les Herbiers PSG (0-2)
75%
1979 D2 Auxerre Nantes (1-4 ap)
70%
2015 D2 Auxerre PSG (0-1)
70%
2000 CFA Calais Nantes (1-2)
68%
2012 Nat. Quevilly Lyon (0-1)
62%
1988 D2 Sochaux Metz (1-1, 4 tab à 5)
56%
1948 D2 Lens Lille (2-3)
51%
1959 D2 Le Havre Sochaux (2-2 puis 3-0)
49%
1996 Nat. Nîmes Auxerre (1-2)
49%
1999 D2 Sedan Nantes (0-1)
48%
2005 D2 Sedan Auxerre (1-2)
48%
2001 Nat. Amiens Strasbourg (0-0 4tab à 5)
46%
2004 D2 Châteauroux PSG (0-1)
33%
1951 D2 Valenciennes Strasbourg (0-3)
31%
1980 D2 Orléans Monaco (1-3)
24%
1936 D2 Charleville RC Paris (0-1)
8%
Aucun quiz correspondant
Distribution des résultats
% des personnes avec chaque résultat
Percentile par nombre de réponses
Votre historique - résultats
Vous n’avez pas pris ce quiz